• 首页
  • 本馆介绍
  • 公告通知
  • 最新文献
  • 馆藏检索
  • 电子资源
  • 读者导购
  • 参考咨询
  • 我的图书馆
  • 登录
  • 详细信息显示
  • 放入我的书架
  • 预约/预借图书
  • 作者相关作品
  • 分类相关作品
  • 丛书相关作品
  • 出版社相关作品

书目信息

  • 表格格式
  • 工作单格式
  • 卡片格式
题名:
铁路机车防寒安全读本
    
 
作者: 许秀杰 主编 ;北京铁路局 编
分册:  
出版信息: 北京   中国铁道出版社  2012
页数: 167页
开本: 19cm
丛书名:
单 册:
中图分类: U279.2 , U27
科图分类:
主题词: 机车--防寒--基本知识 , 机车 , 防寒
电子资源:
ISBN: 978-7-113-15441-7
000 00907nam0 2200265 450
001 2372608316
005 20231210201037.39
010    @a978-7-113-15441-7@d13.50CNY
100    @a20130124d2012 em y0chiy0120 ea
101 0  @achi
102    @aCN@b110000
105    @aa z 000yy
200 1  @a铁路机车防寒安全读本@Atie lu ji che fang han an quan du ben@b专著@f许秀杰主编@g北京铁路局编
210    @a北京@c中国铁道出版社@d2012
215    @a167页@c图@d19cm
330    @a本书共分为4章,主要内容包括:机车防寒工作总则、内燃机车防寒知识、电力机车防寒知识、冬季人身防寒措施及注意事项等四大部分,涉及东风系列内燃机车、韶山系列电力机车等车型。
606 0  @a机车@x防寒@x基本知识
606 0  @a机车
606 0  @a防寒
690    @aU279.2@v5
690    @aU27@v4
701  0 @a许秀杰@Axu xiu jie@4主编
712 02 @a北京铁路局@Abei jing tie lu ju@4编
801  2 @aCN@b辽宁北配@c20231205
905    @aBZT@dU27@e9
    
    铁路机车防寒安全读本/许秀杰主编/北京铁路局编.-北京:中国铁道出版社,2012
    167页:图;19cm
    
    
    ISBN 978-7-113-15441-7:13.50CNY
    本书共分为4章,主要内容包括:机车防寒工作总则、内燃机车防寒知识、电力机车防寒知识、冬季人身防寒措施及注意事项等四大部分,涉及东风系列内燃机车、韶山系列电力机车等车型。
●
相关链接 在五车中查询图书 在当当中查询图书 在豆瓣中查询图书


正题名:铁路机车防寒安全读本     索取号:U27/9         预约/预借

序号 登录号 条形码 馆藏地/架位号 状态 备注
1 2001568915   2001568915   辽三/辽宁北配(第三批)/1547/ [索取号:U27/9] 在馆    
2 2001568916   2001568916   辽三/辽宁北配(第三批)/1547/ [索取号:U27/9] 在馆    
3 2001568917   2001568917   辽三/辽宁北配(第三批)/1547/ [索取号:U27/9] 在馆    
4 2001568918   2001568918   辽三/辽宁北配(第三批)/1547/ [索取号:U27/9] 在馆    
5 2001568919   2001568919   辽三/辽宁北配(第三批)/1547/ [索取号:U27/9] 在馆    
6 2001568920   2001568920   辽三/辽宁北配(第三批)/1547/ [索取号:U27/9] 在馆    
7 2001568921   2001568921   辽三/辽宁北配(第三批)/1547/ [索取号:U27/9] 在馆    
8 2001568922   2001568922   辽三/辽宁北配(第三批)/1547/ [索取号:U27/9] 在馆    
9 2001568923   2001568923   辽三/辽宁北配(第三批)/1547/ [索取号:U27/9] 在馆    
10 2001568924   2001568924   辽三/辽宁北配(第三批)/1547/ [索取号:U27/9] 在馆    
11 2001568925   2001568925   辽三/辽宁北配(第三批)/1547/ [索取号:U27/9] 在馆    
12 2001568926   2001568926   辽三/辽宁北配(第三批)/1547/ [索取号:U27/9] 在馆    
13 2001568927   2001568927   辽三/辽宁北配(第三批)/1547/ [索取号:U27/9] 在馆    
14 2001568928   2001568928   辽三/辽宁北配(第三批)/1547/ [索取号:U27/9] 在馆    
15 2001568929   2001568929   辽三/辽宁北配(第三批)/1547/ [索取号:U27/9] 在馆    
山东省滨州职业学院图书馆 欢迎您!
大连网信软件有限公司© 版权所有